000 00475nam a2200169Ia 4500
003 OSt
005 20200730104424.0
008 190216s9999||||xx |||||||||||||| ||und||
020 _a9780387289304
040 _coclc
082 _a512
_bLOR/A
100 _aLorenz, Falko
_93854
245 0 _aAlgebra :
_bFields And Galois Theory /
_cFalko Lorenz
260 _bSpringer,
_c2006.
_aNew York:
300 _a293p
942 _cBK
_2ddc
_h512
_iLOR/A
_k512
_mLOR/A
999 _c32586
_d32586